Glossari bàsic Canvi climàtic i transició justa (Registre núm. 69482)
[ vista simple ]
| 000 -LEADER | |
|---|---|
| campo de control de longitud fija | 01109amm a2200385 4500 |
| 005 - FECHA Y HORA DE LA ÚLTIMA TRANSACCIÓN | |
| campo de control | 20260203112541.0 |
| 007 - CAMPO FIJO DE DESCRIPCIÓN FÍSICA--INFORMACIÓN GENERAL | |
| campo de control de longitud fija | cr |||||||| |
| 008 - DATOS DE LONGITUD FIJA--INFORMACIÓN GENERAL | |
| campo de control de longitud fija | 210628s2021 cat |
| 041 ## - CÓDIGO DE IDIOMA | |
| Código de lengua del texto/banda sonora o título independiente | cat |
| 041 ## - CÓDIGO DE IDIOMA | |
| Llengües tractades | spa |
| 041 ## - CÓDIGO DE IDIOMA | |
| Llengües tractades | fre |
| 041 ## - CÓDIGO DE IDIOMA | |
| Llengües tractades | eng |
| 245 ## - MENCIÓN DEL TÍTULO | |
| Título | Glossari bàsic Canvi climàtic i transició justa |
| Medio | [en línia] |
| 260 ## - PUBLICACIÓN, DISTRIBUCIÓN, ETC. | |
| Lugar de publicación, distribución, etc. | Barcelona |
| Nombre del editor, distribuidor, etc. | UGT de Catalunya. Servei Lingüístic |
| 260 ## - PUBLICACIÓN, DISTRIBUCIÓN, ETC. | |
| Nombre del editor, distribuidor, etc. | Secretaria de Canvi Climàtic i Transició Justa |
| Fecha de publicación, distribución, etc. | 2025 |
| 300 ## - DESCRIPCIÓN FÍSICA | |
| Extensión | 44 p. |
| 490 ## - MENCIÓN DE SERIE | |
| Mención de serie | El Català a Mà |
| 500 ## - NOTA GENERAL | |
| Nota general | Notes |
| 504 ## - NOTA DE BIBLIOGRAFÍA, ETC. | |
| Nota de bibliografía, etc. | Bibliografia |
| 520 ## - RESUMEN, ETC. | |
| Nombre de termes | 35 |
| 546 ## - NOTA DE IDIOMA | |
| Llengua de les definicions | català |
| 592 ## - Tipus obra | |
| Tipus d'obra | Obra terminològica |
| 593 ## - Codi CGAT | |
| Codi de la CGAT | DN |
| 593 ## - Codi CGAT | |
| Codi de la CGAT | GQ |
| 593 ## - Codi CGAT | |
| Codi de la CGAT | DNG |
| 650 #0 - PUNTO DE ACCESO ADICIONAL DE MATERIA--TÉRMINO DE MATERIA | |
| Término de materia o nombre geográfico como elemento de entrada | canvi climàtic |
| 9 (RLIN) | 69375 |
| 650 #0 - PUNTO DE ACCESO ADICIONAL DE MATERIA--TÉRMINO DE MATERIA | |
| Término de materia o nombre geográfico como elemento de entrada | medi ambient |
| 9 (RLIN) | 60842 |
| 650 #0 - PUNTO DE ACCESO ADICIONAL DE MATERIA--TÉRMINO DE MATERIA | |
| Término de materia o nombre geográfico como elemento de entrada | energia |
| 9 (RLIN) | 61514 |
| 650 #0 - PUNTO DE ACCESO ADICIONAL DE MATERIA--TÉRMINO DE MATERIA | |
| Término de materia o nombre geográfico como elemento de entrada | gestió ambiental |
| 9 (RLIN) | 67242 |
| 650 #0 - PUNTO DE ACCESO ADICIONAL DE MATERIA--TÉRMINO DE MATERIA | |
| Término de materia o nombre geográfico como elemento de entrada | energia renovable |
| 9 (RLIN) | 74708 |
| 830 ## - PUNTO DE ACCESO ADICIONAL DE SERIE-TÍTULO UNIFORME | |
| Título uniforme | El Català a Mà |
| 9 (RLIN) | 75078 |
| 856 ## - LOCALIZACIÓN Y ACCESO ELECTRÓNICOS | |
| Identificador Uniforme de Recursos | <a href="https://www.ugt.cat/wp-content/uploads/2026/01/glossari-canvi-climatic-transicio-justa_2026_v2.pdf">https://www.ugt.cat/wp-content/uploads/2026/01/glossari-canvi-climatic-transicio-justa_2026_v2.pdf</a> |
| 942 ## - ELEMENTOS DE ENTRADA SECUNDARIOS (KOHA) | |
| Tipo de ítem Koha | Monografia |
| Suprimir en OPAC | No |
| Fuente del sistema de clasificación o colocación | Clasificación Decimal Dewey |
| Estatus retirado | Estado de pérdida | Estado de daño | No para préstamo | Biblioteca de origen | Biblioteca actual | Fecha de adquisición | Total de préstamos | Signatura topográfica completa | Visto por última vez | Identificador Uniforme de Recursos | Precio de reemplazo | Tipo de ítem Koha |
|---|---|---|---|---|---|---|---|---|---|---|---|---|
| TERMCAT | TERMCAT | 30/01/2026 | Biblioteca electrònica | 30/01/2026 | https://www.ugt.cat/wp-content/uploads/2026/01/glossari-canvi-climatic-transicio-justa_2026_v2.pdf | 30/01/2026 | MO |